000 00635nam a2200193Ia 4500
003 GCL
008 140319s9999 xx 000 0 ara d
040 _aGCL /
_cGCL
082 0 4 _a928.1
_bاا
100 1 _aاحمد الاسوانى
245 1 0 _aابوعثمان الجاحظ : دراسة ومنتخبات /
_cاحمد الاسوانى
700 1 _aاحمد الطويلى
260 _a[S.N] :
_bمؤسسات عبد الكريم بن عبد الله ،
_c1992
300 _a159 ص
490 _a
650 0 4 _aالادب
650 0 4 _aالجاحظ ،ابى عثمان عمرو بن بحر بن محبوب
942 _2ddc
_cBK
999 _c38708
_d38708